Ricostruisci la Carriera del Calciatore - Suso - Statistics

Statistiche generali
  • Questo quiz è stato fatto 6 volte
  • Il punteggio medio è 4 su 7
Statistiche sulle risposte
Hint Risposta % Corretto
2020- Siviglia
100%
2016-2020 Milan
83%
2013-2014 Almería
50%
2016 Genoa
50%
2012-2013 Liverpool
50%
2014-2015 Liverpool
33%
2015-2016 Milan
17%
Nessun quiz corrispondente trovato
Distribuzione punteggi
Percentuale di utenti per punteggio
Percentile per numero di risposta
I tuoi punteggi nel tempo
Non hai fatto questo quiz